00496nam a2200181 a 4500001001300000003000900013005001700022008004100039020002300080082001600103100002400119245003300143260006000176300000900236500003500245505001000280700002400290nice12345678IN_TiNIC20260116011636.0050524s1975 chaa grp 000 0 eng  a0807812714 c10000a297.4bSCH1 aSchimmel, Annemarie aMystical Dimensions of Islam aChapel Hill bUniversity of North Carolina Press c1975 a506p aincludes index and biblioraphy2 aIndex1 aSchimmel, Annemarie